000 00474nam a2200193Ia 4500
005 20250508153943.0
008 008 250505s9999 xx 000 0 fre d
037 _aBooks to be hide in OPAC
040 _aFEDL
_beng
_cFEDL
041 _afre
_2eng
084 _qFEDL
100 _aFriedel V H
_9764748
245 0 _aLa pedagogies dans les pays etrangers
260 _c1910
300 _a330p.
546 _aWeeded out
942 _cHB
999 _c1346581
_d1346581